From the Ruins of Empire: (Record no. 85166)

MARC details
000 -LEADER
fixed length control field 00752nam a22002057a 4500
005 - DATE AND TIME OF LATEST TRANSACTION
control field 20140617121009.0
010 ## - LCCN (DPL NO)
LC control number B505400
020 ## - INTERNATIONAL STANDARD BOOK NUMBER
International Standard Book Number 9781846144783
Terms of availability 699.00
035 ## - SYSTEM CONTROL NUMBER
System control number B-505400
037 ## - SOURCE OF ACQUISITION
Stock number dpl
Source of stock number/acquisition K.K.Pub/Ven
082 ## - DEWEY DECIMAL CLASSIFICATION NUMBER
Classification number 950.3
100 ## - MAIN ENTRY--PERSONAL NAME
Personal name Mishra, Pankaj
245 ## - TITLE STATEMENT
Title From the Ruins of Empire:
Remainder of title the revolt against the west and the remaking of asia/
Statement of responsibility, etc by Pankaj Mishra
260 ## - PUBLICATION, DISTRIBUTION, ETC. (IMPRINT)
Place of publication, distribution, etc New Delhi
Name of publisher, distributor, etc Penguin Books
Date of publication, distribution, etc 2012
270 ## - ADDRESS
Address 11 Community Centre, Panchsheel Park
City New Delhi
Postal code 110017 (India)
300 ## - PHYSICAL DESCRIPTION
Extent 356p.:
Other physical details ill.
Dimensions 22cm(Hb)
500 ## - GENERAL NOTE
General note Includes Bibliographic and index
942 ## - ADDED ENTRY ELEMENTS (KOHA)
Source of classification or shelving scheme Dewey Decimal Classification
Item type English Books
Classification part 950.3
Call number suffix MIS
Holdings
Withdrawn status Lost status Not for loan Collection code Home library Current library Date acquired Source of acquisition Cost, normal purchase price Full call number Barcode Copy number Cost, replacement price Koha item type
      Non-fiction Central Library Central Library 17/06/2014 K.K.Pub/BL2982/11.03.2013/172/11.03.2013/20.03.2013 699.00 950.3 MIS B-505400 1 699.00 English Books

© Delhi Public Library
Hit Counter
free hit counter